<?xml version="1.0" encoding="UTF-8"?>
<record
    xmlns:xsi="http://www.w3.org/2001/XMLSchema-instance"
    xsi:schemaLocation="http://www.loc.gov/MARC21/slim http://www.loc.gov/standards/marcxml/schema/MARC21slim.xsd"
    xmlns="http://www.loc.gov/MARC21/slim">

  <leader>00535nam a2200181Ia 4500</leader>
  <controlfield tag="003">LDD</controlfield>
  <controlfield tag="008">190327s9999    xx            000 0 und d</controlfield>
  <datafield tag="020" ind1=" " ind2=" ">
    <subfield code="a">819012622</subfield>
    <subfield code="c">5000</subfield>
  </datafield>
  <datafield tag="040" ind1=" " ind2=" ">
    <subfield code="c">LDD</subfield>
  </datafield>
  <datafield tag="082" ind1=" " ind2=" ">
    <subfield code="a">8H1.71 &#x92D;&#x93E;3202&#x906;</subfield>
  </datafield>
  <datafield tag="100" ind1=" " ind2=" ">
    <subfield code="a">&#x92D;&#x93E;&#x91F;&#x93F;&#x92F;&#x93E;, &#x92A;&#x94D;&#x930;&#x947;&#x92E;</subfield>
  </datafield>
  <datafield tag="245" ind1=" " ind2="0">
    <subfield code="a">&#x906;&#x908;&#x928;&#x93E;-&#x90F;-&#x939;&#x915;&#x940;&#x915;&#x924;</subfield>
  </datafield>
  <datafield tag="260" ind1=" " ind2=" ">
    <subfield code="a">&#x926;&#x93F;&#x932;&#x94D;&#x932;&#x940;</subfield>
    <subfield code="b">&#x935;&#x93F;&#x936;&#x94D;&#x935; &#x92D;&#x93E;&#x930;&#x924;&#x940; &#x92F;&#x94B;&#x917; &#x938;&#x902;&#x938;&#x94D;&#x925;&#x93E;&#x928;</subfield>
    <subfield code="c">2003</subfield>
  </datafield>
  <datafield tag="300" ind1=" " ind2=" ">
    <subfield code="a">112&#x92A;&#x943;.</subfield>
  </datafield>
  <datafield tag="500" ind1=" " ind2=" ">
    <subfield code="a">Gifted by : B.N. Kaul</subfield>
  </datafield>
  <datafield tag="942" ind1=" " ind2=" ">
    <subfield code="2">ddc</subfield>
    <subfield code="c">BK</subfield>
  </datafield>
  <datafield tag="949" ind1=" " ind2=" ">
    <subfield code="a">G014653</subfield>
  </datafield>
  <datafield tag="952" ind1=" " ind2=" ">
    <subfield code="0">0</subfield>
    <subfield code="1">0</subfield>
    <subfield code="2">ddc</subfield>
    <subfield code="4">0</subfield>
    <subfield code="7">0</subfield>
    <subfield code="9">192925</subfield>
    <subfield code="a">LDD</subfield>
    <subfield code="b">LDD</subfield>
    <subfield code="d">2019-03-27</subfield>
    <subfield code="l">0</subfield>
    <subfield code="o">8H1.71 &#x92D;&#x93E;3202&#x906;</subfield>
    <subfield code="p">G014653</subfield>
    <subfield code="r">2019-03-27</subfield>
    <subfield code="w">2019-03-27</subfield>
    <subfield code="y">BK</subfield>
  </datafield>
  <datafield tag="999" ind1=" " ind2=" ">
    <subfield code="c">193100</subfield>
    <subfield code="d">193100</subfield>
  </datafield>
</record>
